000 01489nam a22001937a 4500
008 230110b2019 at ||||| |||| 00| 0 eng d
020 _a9781760022297
041 _aeng
245 _aThe law affecting rent review determinations
250 _a3rd
260 _aAlexandria, NSW, Australia,
_bThe Federation Press,
_c2019
300 _axx; 363p
500 _aDonated by the author
520 _aTopics covered: advantages of expert determinations; construction of lease clauses and meaning of terms used; effect of exclusion of ratchet provisions; mistake in departing from instructions; whether determination made in accordance with the contract; error in interpretation of lease; whether mistake in accord with legislation; independence of the valuer; bias by the valuer; difference between valuation and arbitration; whether determination final and binding; provision of information by parties; duty to accord procedural fairness; concise explanation of general law of construction of leases; error in valuer giving reasons; future work by lessee; whether assessment of rent by parties reasonable; whether time of essence; failure to give detailed reasons; sufficient notice; interpretation of provisions lease; application of profits method of valuation to rent review of hotels; interference with valuer’s discretion; jurisdiction of the Western Australian Tribunal.
650 _aRENT REVIEWS
651 _aAustralia
690 _96252
_aLandlord and tenant
942 _n0
999 _c121308
_d121308